WasteWater Treatment for Pollution Control & Reuse (Record no. 26852)

MARC details
000 -LEADER
fixed length control field 00422nam a22001697a 4500
003 - CONTROL NUMBER IDENTIFIER
control field OSt
005 - DATE AND TIME OF LATEST TRANSACTION
control field 20220113110056.0
008 - FIXED-LENGTH DATA ELEMENTS--GENERAL INFORMATION
fixed length control field 220113b |||||||| |||| 00| 0 eng d
020 ## - INTERNATIONAL STANDARD BOOK NUMBER
International Standard Book Number 0070620997
040 ## - CATALOGING SOURCE
Transcribing agency H.U
082 ## - DEWEY DECIMAL CLASSIFICATION NUMBER
Classification number 553.7
100 ## - MAIN ENTRY--PERSONAL NAME
Personal name Arceivala
9 (RLIN) 27862
245 ## - TITLE STATEMENT
Title WasteWater Treatment for Pollution Control & Reuse
250 ## - EDITION STATEMENT
Edition statement 3rd
260 ## - PUBLICATION, DISTRIBUTION, ETC.
Place of publication, distribution, etc. New Delhi
Name of publisher, distributor, etc. Tata McGraw Hill
Date of publication, distribution, etc. 2007
942 ## - ADDED ENTRY ELEMENTS (KOHA)
Source of classification or shelving scheme Dewey Decimal Classification
Koha item type Books like text book referance book
Suppress in OPAC No
Holdings
Withdrawn status Lost status Source of classification or shelving scheme Damaged status Not for loan Home library Current library Shelving location Date acquired Total Checkouts Full call number Barcode Date last seen Copy number Price effective from Koha item type
    Dewey Decimal Classification     IoT Library IoT Library General Stacks 01/13/2022   553.7/ARC/2007 IOTL0005074 01/13/2022 1 01/13/2022 Books like text book referance book
    Dewey Decimal Classification     IoT Library IoT Library General Stacks 01/13/2022   553.7/ARC/2007 IOTL0005075 01/13/2022 2 01/13/2022 Books like text book referance book
    Dewey Decimal Classification     IoT Library IoT Library General Stacks 01/13/2022   553.7/ARC/2007 IOTL0005076 01/13/2022 3 01/13/2022 Books like text book referance book
    Dewey Decimal Classification     IoT Library IoT Library General Stacks 01/13/2022   553.7/ARC/2007 IOTL0005077 01/13/2022 4 01/13/2022 Books like text book referance book
    Dewey Decimal Classification     IoT Library IoT Library General Stacks 01/13/2022   553.7/ARC/2007 IOTL0005078 01/13/2022 5 01/13/2022 Books like text book referance book
    Dewey Decimal Classification     IoT Library IoT Library General Stacks 01/13/2022   553.7/ARC/2007 IOTL0005079 01/13/2022 6 01/13/2022 Books like text book referance book
    Dewey Decimal Classification     IoT Library IoT Library General Stacks 01/13/2022   553.7/ARC/2007 IOTL0005080 01/13/2022 7 01/13/2022 Books like text book referance book
    Dewey Decimal Classification     IoT Library IoT Library General Stacks 01/13/2022   553.7/ARC/2007 IOTL0005081 01/13/2022 8 01/13/2022 Books like text book referance book
    Dewey Decimal Classification     IoT Library IoT Library General Stacks 01/13/2022   553.7/ARC/2007 IOTL0005082 01/13/2022 9 01/13/2022 Books like text book referance book
    Dewey Decimal Classification     IoT Library IoT Library General Stacks 01/13/2022   553.7/ARC/2007 IOTL0005083 01/13/2022 10 01/13/2022 Books like text book referance book